000 00526nam a2200181Ia 4500
003 OSt
005 20191219123121.0
008 190216s9999||||xx |||||||||||||| ||und||
020 _a8170740916
040 _coclc
082 _a330.15
_bSWE/T
100 _a Sweezy, Paul M
_9578
245 4 _aThe Theory Of Capitalist Development /
_c Paul M Sweezy
260 _bKp Bagchi & company Pubs,
_c2002.
_aKolkata:
300 _a398p
650 _aEconomics
942 _cBK
_2ddc
_h330.15
_iSWE/T
_k330.15
_mSWE/T
999 _c10687
_d10687